| 000 | 00831nas a2200265 4500 | ||
|---|---|---|---|
| 001 | BR9801381 | ||
| 003 | BR-BrBNA | ||
| 005 | 20231205100934.0 | ||
| 007 | ta | ||
| 008 | 230509b bl.|||p| |||| 00| 00por d | ||
| 040 |
_aBR-BrBNA _bpor _cBiblioteca Nacional de Agricultura |
||
| 041 | _a(Pt) | ||
| 072 | _aL40 | ||
| 100 | 1 | _aCarvalho, M.A.M. de | |
| 100 | 1 | _aMiglino, M.A. | |
| 100 | 1 | _aCavalcante Filho, M.F. | |
| 100 | 1 | _aNeves, W.C. | |
| 245 | 1 | _aRamificacao dos nervos frenicos no diafragma de cutias (Dasyprocta Agouti) | |
| 650 | _aNervo | ||
| 650 | _aMorfologia Animal | ||
| 650 | _aCutia | ||
| 773 | 0 |
_tRevista da Faculdade de Zootecnia, Veterinaria e Agronomia (Brazil) _xISSN 0104-4257 _g(Jan-Dec 1995-1996), v. 2-3(1) p. 71-74 _wBR9801381 |
|
| 909 |
_a202311 _bLúcia _c55 _dLúcia Elande |
||
| 942 |
_2AGRIS _n0 _cANA |
||
| 999 |
_c158899 _d158899 |
||